00584nam a2200181Ia 450000500170000000800410001702000180005808200130007610000180008924500840010726000490019130000170024065000130025765000160027094200060028695200950029299900150038720241112003132.0240331s9999 xx 000 0 und d a9789551772574 bJAYa954 aJayawardena,K 0aPerpetual Ferment :bPopular Revolts in Sri Lanka in the 18th and 19 Centuries  aColombobSocial Scientists Associationc2010 aii, 176 p ., aFeminism aNationalism cL 001040708LaWERCLbWERCLcSSCd2024-03-31l0o 954 JAYp6766r2024-03-31w2024-03-31yL c5775d5775